000 00312pam a2200145 a 4500
020 _c
041 _aeng
082 _a576.163
_bBAN
100 _aBanwants, GJ.
245 _aBasic Food Microbiology
_hTextual Documents
250 _a2004.
260 _a[s.l]:
_bCBS Pub
300 _a773 pg .
930 _a9348
999 _c86253
_d86253